Patinage 2024 : De quel pays est originaire le champion du monde ? - Statistiques

Statistiques générales
  • Ce quiz a été pris 31 fois
    13 depuis la dernière actualisation
  • Le résultat moyen est 5 sur 24
Statistiques - réponses
Hint Réponse % Correct
Patinage artistique Championnats de patinage artistique H Etats-Unis
100%
Patinage artistique Championnats de patinage artistique F Japon
73%
Patinage artistique Couples Championnats de patinage artistique Mixte Canada
45%
Patinage artistique Danse sur glace Championnats de patinage artistique Mixte Etats-Unis
36%
Patinage de vitesse Combiné Championnats de patinage de vitesse F Pays-Bas
27%
Patinage de vitesse Sprint par équipes Championnats de patinage de vitesse H Canada
18%
Patinage de vitesse Sprint par équipes Championnats de patinage de vitesse F Canada
18%
Patinage de vitesse Combiné Championnats de patinage de vitesse H Etats-Unis
18%
Patinage de vitesse - simple course 5000m Championnats de patinage de vitesse - course H Pays-Bas
18%
Patinage de vitesse - simple course 500m Championnats de patinage de vitesse - course F Pays-Bas
18%
Patinage de vitesse - simple course 3000m Championnats de patinage de vitesse - course F Pays-Bas
18%
Patinage de vitesse - simple course 5000m Championnats de patinage de vitesse - course F Pays-Bas
18%
Patinage de vitesse - simple course Poursuite par équipes Championnats de patinage de vitesse - course F Pays-Bas
18%
Patinage de vitesse - simple course Mass start Championnats de patinage de vitesse - course F Pays-Bas
18%
Patinage de vitesse Sprint Championnats de patinage de vitesse H Chine
9%
Patinage de vitesse - simple course 500m Championnats de patinage de vitesse - course H Etats-Unis
9%
Patinage de vitesse - simple course 1000m Championnats de patinage de vitesse - course H Etats-Unis
9%
Patinage de vitesse - simple course 1500m Championnats de patinage de vitesse - course H Etats-Unis
9%
Patinage de vitesse Sprint Championnats de patinage de vitesse F Japon
9%
Patinage de vitesse - simple course 1000m Championnats de patinage de vitesse - course F Japon
9%
Patinage de vitesse - simple course 1500m Championnats de patinage de vitesse - course F Japon
9%
Patinage de vitesse - simple course Mass start Championnats de patinage de vitesse - course H Belgique
0%
Patinage de vitesse - simple course 10000m Championnats de patinage de vitesse - course H Italie
0%
Patinage de vitesse - simple course Poursuite par équipes Championnats de patinage de vitesse - course H Italie
0%
Aucun quiz correspondant
Distribution des résultats
% des personnes avec chaque résultat
Percentile par nombre de réponses
Votre historique - résultats
Vous n’avez pas pris ce quiz depuis la dernière actualisation